[Event "NOR-chT Eliteserien 2018-19"]
[Site "Norway"]
[Date "2019.03.10"]
[Round "9.16"]
[White "Klukin, Kirill"]
[Black "Lie, Kjetil A."]
[Result "0-1"]
[WhiteElo "2326"]
[BlackElo "2539"]
[Annotator "TA"]
[PlyCount "86"]
[EventDate "2018.11.02"]
[EventType "team-tourn"]
[EventCountry "NOR"]
[SourceTitle "playchess.com"]
[Source "ChessBase"]
[SourceQuality "1"]

{[%evp 13,86,5,11,10,28,-2,8,-6,18,-17,-17,-14,-19,-30,-26,-57,-48,-79,-66,-64,-58,-66,-26,-37,-30,-45,-43,-95,-88,-92,-24,-22,-22,-75,0,0,0,0,0,0,0,0,0,0,0,11,9,0,5,5,4,0,4,0,0,0,0,0,0,0,0,-52,-56,-188,-197,-197,-192,-461,-455,-413,-302,-833,-704,-717,-159]} 1. Nf3 Nf6 2. c4 c5 3. g3 b6 4. Bg2 Bb7 5. O-O g6 6. Nc3 Bg7 7. Re1 Ne4 8. Nxe4 {A30: Symmetrical English: Double Fianchetto and Hedgehog} Bxe4 9. d3 (9. d4 O-O 10. d5 h6 11. Bf1 d6 12. Nd2 Bf5 13. e4 Bd7 14. f4 e5 15. Nf3 Na6 {1-0 (63) Karthikeyan,M (2592)-Le,Q (2736) Hanoi 2018}) 9... Bb7 10. e4 {The position is equal.} O-O 11. h4 Nc6 12. h5 d6 $146 ({Predecessor:} 12... a6 13. Rb1 b5 {½-½ (36) Lehner,O (2399)-Krivoborodov,E (2542) Germany 2017}) 13. a3 Bc8 14. Nh2 Rb8 15. Bf1 b5 16. cxb5 Rxb5 17. d4 Rb6 18. d5 Nd4 19. Rb1 f5 20. Bd3 (20. hxg6 $15 hxg6 21. Bd3) 20... Qe8 $17 21. h6 Bh8 (21... Be5 $17 {Hoping for ...f4.} 22. f4 fxe4 23. Bxe4 Bh8) 22. b4 $1 $11 fxe4 23. bxc5 (23. Bxe4 $11 Nb5 24. Rb3) 23... Rxb1 (23... Qf7 $17 24. cxb6 exd3) 24. Bxb1 Qf7 25. Be3 dxc5 26. Bxe4 Bf5 27. Bg2 Nc2 28. Rf1 Nxe3 29. fxe3 Qe8 $1 $132 {[%mdl 2048] Black is fighting back} 30. Qb3 Qb8 31. Qxb8 Rxb8 32. d6 $1 {[%cal Rd6e7]} Bf6 ({Don't blunder} 32... exd6 $2 33. Bd5+ Kf8 34. g4 $18) 33. dxe7 Bxe7 34. Bd5+ Kh8 35. e4 Bh3 {[#] aiming for ...c4.} 36. Rf7 Bg5 {And now ...Be3+ would win.} 37. Nf3 (37. Rf3 $11 Bd7 38. Rf7) 37... Bxh6 $15 {White must now prevent ...Rb2.} 38. Rxa7 ({White should try} 38. Kh2 $1 $15 Bg4 39. Ne5 Rb2+ 40. Kh1) 38... Be3+ 39. Kh2 Bf1 {[#] ...Rb2+ is the strong threat.} 40. g4 $2 (40. Nh4) 40... Rb2+ $19 41. Kg3 g5 {[%csl Gg5][%cal Re3f4]} 42. Rf7 $2 (42. Nxg5 Bxg5 43. a4) 42... Bf4+ 43. Rxf4 Rg2+ {Accuracy: White = 26%, Black = 75%.} (43... gxf4+ $2 44. Kxf4 c4 45. Nd4 $19) 0-1

[Event "NOR-chT Eliteserien 2018-19"]
[Site "Norway"]
[Date "2019.03.10"]
[Round "9.17"]
[White "Holm, Kristian Stuvik"]
[Black "Nielsen, Andre"]
[Result "1-0"]
[WhiteElo "2468"]
[BlackElo "2211"]
[Annotator "TA"]
[PlyCount "61"]
[EventDate "2018.11.02"]
[EventType "team-tourn"]
[EventCountry "NOR"]
[SourceTitle "playchess.com"]
[Source "ChessBase"]
[SourceQuality "1"]

{[%evp 10,61,0,5,8,-4,29,2,14,23,22,9,15,-35,-31,-69,-16,-97,-83,-105,-36,-174,0,2,62,66,403,328,1088,1092,1061,1043,1043,999,958,778,1623,1611,1543,1524,1509,1482,1629,731,1702,1647,6395,6399,6399,6395,6395,6199,5465,2865]} 1. c4 e5 2. g3 Nf6 3. Bg2 Bc5 4. Nc3 c6 5. e4 (5. e3 O-O 6. Nge2 d5 7. cxd5 Nxd5 8. d4 exd4 9. Nxd5 cxd5 10. Nxd4 Nc6 11. Nxc6 bxc6 12. O-O Be6 13. Qc2 Qb6 {½-½ (28) Carlsen,M (2843)-Ding,L (2791) Stavanger 2018}) 5... O-O 6. Nge2 {LiveBook: 4 Games. A23: English Opening: 1...e5 2 Nc3 Nf6 3 g3 c6} d6 7. O-O Be6 8. d3 {White has an edge.} a5 9. h3 d5 $146 ({Predecessor:} 9... h6 10. Kh2 Nh7 11. f4 f5 12. b3 fxe4 13. Nxe4 {1-0 (31) Rutter,B (1877)-Nikouline,A (2118) Winnipeg 2007}) 10. cxd5 cxd5 {[%cal Bc6d5,Bd5d4][%mdl 32]} 11. Bg5 {Strongly threatening exd5.} d4 $1 {[%cal Rd4c3]} 12. Nb5 Qd7 (12... a4 $15 13. Na3 Qb6) 13. a4 {[#]} (13. Bxf6 $1 $11 gxf6 14. a4) 13... Ne8 $1 $17 14. f4 h6 ({Black should try} 14... f6 $17 15. Bh4 Nc6) 15. Bxh6 ({Better is} 15. Rc1 $1 $15 b6 16. Bh4) 15... Bxh3 $2 (15... gxh6 $19 16. fxe5 (16. f5 Bc4 $17) 16... Kh7) 16. Bg5 $36 {[%mdl 2048] White is more active.} Bxg2 (16... Bg4 $11) 17. Kxg2 $14 {And now Rc1 would win.} f6 $2 {[%mdl 8192]} (17... Nc6 $1 $14) 18. fxe5 $18 fxg5 $2 (18... Nc6 19. exf6 Nxf6) 19. Qb3+ {White is clearly winning.} Kh7 20. Rxf8 Bxf8 21. Rh1+ Kg6 22. Qg8 Qg4 23. Nexd4 {Threatening mate with e6.} Nd7 24. Qh7+ Kf7 25. e6+ Ke7 26. exd7 (26. Qg6 $142 Nd6 27. exd7 Nxb5 28. axb5 Kxd7 {[#]} 29. Rh4 $1 {[%mdl 512]} Qxg3+ 30. Kxg3 gxh4+ 31. Kg4) 26... Kxd7 27. Qg8 Nd6 28. Qd5 Rc8 29. Rf1 Be7 30. Nxd6 Bxd6 31. e5 {Precision: White = 49%, Black = 24%.} 1-0

[Event "NOR-chT Eliteserien 2018-19"]
[Site "Norway"]
[Date "2019.03.10"]
[Round "9.18"]
[White "Mikalsen, Odd Erling"]
[Black "Kaasen, Tor Fredrik"]
[Result "0-1"]
[WhiteElo "1889"]
[BlackElo "2409"]
[Annotator "TA"]
[PlyCount "86"]
[EventDate "2018.11.02"]
[EventType "team-tourn"]
[EventCountry "NOR"]
[SourceTitle "playchess.com"]
[Source "ChessBase"]
[SourceQuality "1"]

{[%evp 9,86,-10,-3,-66,-51,-52,-27,-36,-40,-50,-41,-52,-49,-43,-43,-52,-56,-93,-86,-73,-81,-126,-135,-129,-139,-196,-197,-204,-203,-202,-192,-210,-198,-194,-202,-198,-198,-181,-161,-164,-158,-157,-153,-152,-151,-168,-148,-152,-163,-185,-199,-211,-196,-243,-173,-162,-159,-463,-463,-448,-431,-558,-614,-753,-482,-737,-722,-1098,-2025,-2642,-2375,-29972,-29972,-29974,-29975,-29971,-29973,-29968,-12850]} 1. e4 c5 2. Nc3 Nc6 3. f4 g6 4. Nf3 Bg7 5. Bb5 Nd4 {LiveBook: 1206 Games} 6. e5 {B23: Closed Sicilian: Lines without g3} (6. O-O $11) (6. O-O Nxb5 7. Nxb5 d6 8. d3 Nf6 9. Qe1 h6 10. Nc3 b6 11. b3 O-O 12. f5 gxf5 13. Qh4 Ng4 14. h3 Bxc3 15. hxg4 e6 16. Bg5 hxg5 17. Nxg5 {1-0 (62) Adhiban,B (2671)-Oparin,G (2626) Monzon 2016}) 6... Nxb5 7. Nxb5 Nh6 $146 ({Predecessor:} 7... a6 8. Nc3 d6 9. O-O Nh6 10. d3 O-O 11. Qe1 Bg4 12. Bd2 Bxf3 13. Rxf3 Nf5 {0-1 (38) Catala,I (2144)-Forgas Moreno,Y (2108) Havana 2008}) 8. d4 {Black has an edge.} a6 9. Nc3 cxd4 10. Qxd4 d6 11. Qf2 O-O 12. Bd2 dxe5 13. fxe5 Ng4 14. Qe2 Qa5 15. Ne4 Qc7 16. Bf4 Nxe5 17. O-O-O {[#]} (17. Nxe5 $17 Bxe5 18. Bxe5 Qxe5 19. O-O-O) 17... Nd3+ $1 $19 {[%mdl 512]} 18. Rxd3 Qxf4+ 19. Kb1 Bf5 20. Re1 Rac8 21. g3 Qc7 22. Nd4 Bxe4 23. Qxe4 Rfd8 24. Rc3 Qb6 ({Inferior is} 24... Rxd4 25. Rxc7 Rxc7 26. Qe2 $11) 25. Rxc8 Rxc8 26. Nb3 e6 27. g4 Rd8 28. Rf1 Qc7 29. h4 b5 30. h5 a5 31. c3 {[#]} b4 $1 {[%mdl 512]} 32. cxb4 axb4 $40 {[%mdl 128] White is in trouble.} 33. g5 $2 (33. Rc1 $17 Qh2 34. Rc2 Rd1+ 35. Nc1) 33... Qh2 {[%csl Gg7][%cal Rh2b2]} 34. Qc2 Qxh5 35. Qg2 Rd1+ 36. Rxd1 Qxd1+ 37. Nc1 h5 38. gxh6 Bxh6 {[%csl Gh6][%cal Rd1c1]} 39. Qc2 Qe1 40. a4 bxa3 {Black mates.} 41. bxa3 Qxc1+ 42. Qxc1 Bxc1 43. Kxc1 Kf8 {Precision: White = 42%, Black = 95%.} 0-1

[Event "NOR-chT Eliteserien 2018-19"]
[Site "Norway"]
[Date "2019.03.10"]
[Round "9.19"]
[White "Ostenstad, Berge"]
[Black "Agdestein, Simen"]
[Result "1-0"]
[WhiteElo "2440"]
[BlackElo "2576"]
[Annotator "TA"]
[PlyCount "135"]
[EventDate "2018.11.02"]
[EventType "team-tourn"]
[EventCountry "NOR"]
[SourceTitle "playchess.com"]
[Source "ChessBase"]
[SourceQuality "1"]

{[%evp 10,135,33,32,50,36,47,34,40,45,46,37,41,41,37,40,47,36,54,-84,-95,-90,-56,-125,-131,-126,-127,-131,-130,-129,-129,-150,-149,-150,-133,-152,-139,-166,-125,-137,-123,-141,-127,-128,-42,-40,-70,-64,-69,-85,0,0,-8,-29,-31,-183,-177,-174,0,-91,0,-24,0,-107,-93,-95,88,115,205,194,208,179,231,195,543,532,517,472,443,367,697,361,352,0,696,462,463,443,2257,2189,1917,1807,1045,700,681,679,622,608,585,0,574,0,558,437,728,576,1748,1695,1622,1405,6123,960,29981,29982,29984,29985,29985,8,8,0,29985,29986,29996,29955,12824,7531,5097,4134]} 1. d4 e6 2. c4 d5 3. Nf3 c6 4. e3 Bd6 5. Bd3 f5 6. O-O Nh6 {A84: Dutch Defence: 2 c4 Miscellaneous} 7. b3 Nf7 $146 ({Predecessor:} 7... Qe7 8. Bb2 Nd7 9. Nc3 O-O 10. Ne2 b6 11. Rc1 Bb7 12. Ne5 Bxe5 13. dxe5 Ng4 14. cxd5 exd5 {0-1 (46) Di Berardino,D (2525)-Flores,D (2614) Montevideo 2018}) 8. Ba3 O-O {White is slightly better.} 9. Bxd6 Qxd6 10. Nc3 g6 11. a3 Nd7 12. b4 Nf6 13. Qc2 Bd7 14. Na4 (14. Ne2 $14 {stays ahead.}) 14... dxc4 $17 15. Be2 Bc8 16. Ne5 ({Better is} 16. Qb2 $15) 16... b5 17. Nxf7 Rxf7 18. Nc5 a5 19. Bf3 Rfa7 {...axb4 is the strong threat.} 20. Rab1 axb4 21. axb4 Bd7 22. Rfd1 Be8 23. h4 h6 24. g3 g5 25. hxg5 hxg5 26. e4 e5 (26... fxe4 $17 27. Bxe4 Bh5) 27. exf5 $15 exd4 28. Ne6 d3 29. Qc3 Nh7 (29... Qe7 $17 30. Nxg5 Nh7 31. Nxh7 Qxh7) 30. Ra1 $11 Qe7 {White must now prevent ...Qf6.} 31. Rxa7 Rxa7 32. Ra1 $2 (32. Qd4 $1 $15) 32... Rxa1+ $19 33. Qxa1 Nf8 $2 (33... Bd7 $1 $19 34. Qe5 Nf6) 34. Nc5 {[#]} (34. Nxf8 $1 $11 {was the only way to keep the balance.} Qxf8 35. Qe5) 34... Nd7 ({Black should try} 34... g4 $1 $17 {[%mdl 512]} 35. f6 (35. Bxg4 d2) 35... Qd6 36. f7+ Kxf7 37. Bxg4 Qe7) 35. Ne6 Nf8 (35... Nf6 $11 36. Nxg5 Bd7) 36. Nc5 $17 d2 37. Qd4 {[#]} Qe1+ $2 (37... c3 $1 $17 {[%mdl 512] Hoping for ...Qe1+.} 38. Ne4 (38. Qxc3 Qe1+) 38... c5 $1 {[%mdl 512]} 39. Nf6+ Kh8 40. bxc5 Qg7) 38. Kg2 $16 c3 (38... Bf7 $16) 39. Ne4 $1 $18 {[%cal Re4f6] Threatening mate with Nf6+.} Nd7 (39... c2 40. Nf6+ Kf7 41. Bh5+ Ng6 42. fxg6+ $18) 40. Nxc3 Ne5 (40... d1=N {keeps fighting.} 41. Nxd1 (41. Bxd1 Qe5 $16) 41... Qe5) 41. Be2 Nf7 $2 (41... Nd7 {is a better chance.} 42. Qe3 Kf8) 42. Qe4 Nd6 43. Qe7 d1=Q {[%csl Gd1][%cal Re1h1]} 44. Qxg5+ Kh7 $2 (44... Kf7 45. Bxd1 (45. Nxd1 $2 {loses.} Qxe2 46. Ne3 Qxf2+ {[%mdl 64] Decoy} 47. Kxf2 Ne4+ {[%mdl 64] Double Attack} 48. Kf3 Nxg5+ $19) 45... Qe5 46. Bb3+ Nc4) 45. Qh4+ (45. Nxd1 Qxe2 46. Ne3 Qxf2+ $1 {[%mdl 512]} 47. Kxf2 Ne4+ 48. Kf3 Nxg5+ $17) 45... Kg8 46. Qg5+ $2 $40 {[%mdl 128] White has some attack.} (46. Nxd1 Qxe2 47. Ne3 Qb2 $17) (46. Qg4+ Kh8 47. Nxd1 Nxf5 48. Nb2) 46... Kh7 {[%csl Gd1][%cal Re1h1]} 47. Qe7+ ({And not} 47. Nxd1 Qxe2 48. Ne3 {[#]} Qxf2+ $1 {[%mdl 512]} 49. Kxf2 Ne4+ 50. Kf3 Nxg5+ $17) 47... Kg8 {[%csl Gd1][%cal Re1h1]} 48. Nxd1 {aiming for Bc4+!} Qxb4 (48... Bf7 $142 49. Qg5+ Kf8) 49. Bf3 Qd4 50. Ne3 Bf7 51. Bxc6 b4 52. Qg5+ Qg7 53. Qd8+ Qf8 54. Qg5+ Qg7 $1 {[%cal Rg7g5]} 55. Qd8+ Qf8 56. Qf6 b3 (56... Ne8 $142 57. Bxe8 Bxe8) 57. Qe5 Nc4 58. Nxc4 Bxc4 59. g4 Bf7 60. Be4 (60. f6 $142 Bc4 61. Be4) 60... Qb4 61. g5 b2 62. g6 Ba2 63. Qe8+ $2 (63. f6 {mates} Bf7 64. gxf7+ Kxf7 65. Qf5 Qd6 66. Qg6+ Kf8 67. Qg7+ Ke8 68. f7+ {[%mdl 64] Discovered Attack} Kd8 69. f8=Q+ Qxf8 70. Qxf8+ Kd7 71. Qf6) 63... Kg7 $11 64. Qe5+ $2 {[%mdl 8192]} (64. Kh2 $11 b1=Q 65. Qe5+ (65. Bxb1 Qf4+ 66. Kg1 Bxb1 $11) 65... Kf8 66. Bxb1 Qh4+ 67. Kg2 Qg4+ 68. Qg3 Qxg3+ 69. Kxg3 Bxb1 70. Kg4) 64... Kg8 65. f6 b1=Q 66. f7+ Bxf7 67. gxf7+ Kxf7 68. Qf5+ {Accuracy: White = 50%, Black = 39%.} 1-0

[Event "NOR-chT Eliteserien 2018-19"]
[Site "Norway"]
[Date "2019.03.10"]
[Round "9.20"]
[White "Hauge, Lars Oskar"]
[Black "Sahl, Bjarke"]
[Result "1-0"]
[WhiteElo "2466"]
[BlackElo "2322"]
[Annotator "TA"]
[PlyCount "58"]
[EventDate "2018.11.02"]
[EventType "team-tourn"]
[EventCountry "NOR"]
[SourceTitle "playchess.com"]
[Source "ChessBase"]
[SourceQuality "1"]

{[%evp 22,58,62,54,62,56,56,68,55,53,64,58,80,75,74,43,75,86,90,52,162,142,243,233,297,179,197,133,147,123,128,101,142,156,154,108,299,296,327]} 1. d4 Nf6 2. Bf4 d6 3. Nc3 Nbd7 4. Nf3 c5 5. e3 g6 6. Be2 Bg7 7. h3 O-O 8. O-O a6 9. a4 b6 10. Re1 Bb7 11. d5 Qc7 12. e4 Ne5 $146 {A43: Schmid Benoni} ({Predecessor:} 12... h6 13. Bf1 Ne8 14. Bg3 Kh7 15. Nd2 Rd8 16. f4 e6 17. dxe6 fxe6 18. Bd3 Bd4+ 19. Kh1 Ng7 20. Bh2 {1-0 (35) Sargissian,G (2600)-Harutjunyan,G (2380) Yerevan 2003}) 13. Nd2 e6 14. Bxe5 dxe5 {White is slightly better.} 15. dxe6 $1 fxe6 16. Bc4 Qe7 17. Qe2 Nh5 18. g3 Kh8 19. Rad1 Rf7 20. Rf1 Bh6 (20... Raf8 $14) 21. Nf3 Bf4 (21... Bg7 $16 {might work better.} 22. h4 Raf8) 22. Kh2 $18 Raf8 23. Rd3 Qf6 24. Rfd1 ({White should try} 24. Kg2 $18) 24... Bh6 $16 25. Kg2 Ng7 {With the idea ...Nf5!} 26. Re1 Nh5 27. Rf1 Ng7 {and if ...Nf5! works, Black does fine.} 28. Kg1 Bg5 $2 {[#]} (28... Ne8 $16 {was called for.}) 29. h4 $18 Bf4 {Accuracy: White = 82%, Black = 34%.} 1-0

[Event "NOR-chT Eliteserien 2018-19"]
[Site "Norway"]
[Date "2019.03.10"]
[Round "9.21"]
[White "Ekeberg, Carl Fredrik"]
[Black "Mihajlov, Sebastian"]
[Result "0-1"]
[WhiteElo "2273"]
[BlackElo "2363"]
[Annotator "TA"]
[PlyCount "114"]
[EventDate "2018.11.02"]
[EventType "team-tourn"]
[EventCountry "NOR"]
[SourceTitle "playchess.com"]
[Source "ChessBase"]
[SourceQuality "1"]

{[%evp 15,114,10,13,10,12,4,22,22,21,18,14,10,35,39,95,49,77,80,78,33,35,32,27,14,22,17,25,28,91,-7,-13,-2,0,0,0,0,0,-7,0,-68,-62,-85,-27,-31,-29,-49,-24,-40,-32,-58,-25,-108,-97,-85,-68,-117,-118,-166,-143,-182,-176,-198,-190,-334,-137,-144,-71,-205,-110,-100,-68,-122,-60,-371,-406,-380,-376,-354,-358,-777,-836,-1125,-1108,-1040,-942,-1212,-414,-481,-420,-1126,-400,-29973,-29974,-29980,-29981,-29981,-29982,-29982,-29983,-29981,-29982]} 1. d4 Nf6 2. c4 c6 3. Nc3 d5 4. cxd5 cxd5 5. Bf4 Nc6 6. e3 Bf5 7. Rc1 a6 8. Nf3 Rc8 9. Be2 {D13: Slav Defence: Exchange variation without ...Bf5} e6 10. O-O Bd6 (10... Nd7 11. Na4 Be7 12. h3 O-O 13. a3 Na5 14. Nc5 Nc4 15. b4 Nxc5 16. dxc5 Nxa3 {1-0 (44) So,W (2778)-Carlsen,M (2843) Stavanger 2018}) 11. Bxd6 {The position is equal.} Qxd6 12. Na4 O-O 13. a3 b5 14. Nc5 Na5 (14... Bg4 $14) 15. a4 Qb6 $146 ({Predecessor:} 15... Ne4 16. axb5 axb5 {1-0 (44) Sukhareva,E (2169)-Baraeva,I (2173) Armavir 2015}) 16. axb5 axb5 17. Nh4 Be4 18. f3 Bg6 $1 19. Nxg6 hxg6 20. Qd3 Nc4 21. b3 Na3 (21... Nd6 $11 {remains equal.}) 22. b4 (22. Qd2 $16) 22... Nc4 $11 23. Ra1 Ra8 24. Qc3 Qc6 25. Kf2 Qc7 26. Kg1 Rfe8 27. f4 (27. Rfe1 $11) 27... Qc6 $15 28. Bf3 Nd7 (28... Re7 $17) 29. Kf2 $11 Ndb6 30. Rxa8 Rxa8 31. Ra1 Nd6 32. g4 Nbc4 33. Qc1 (33. Be2 $11) 33... Qc8 34. Be2 Qd8 35. g5 Nf5 36. Bxc4 dxc4 ({Resist} 36... bxc4 37. Ke2 $15) 37. Qc3 Rxa1 38. Qxa1 Qd5 39. Qc1 (39. e4 $142 Qxd4+ 40. Qxd4 Nxd4 41. Na6) 39... f6 (39... Qa8 $19 {is more deadly. Threatens to win with ...Qa2+.} 40. Qe1 Qa2+ 41. Qe2 Qb1) 40. gxf6 $17 gxf6 (40... Qa8 $142 41. f7+ Kxf7) 41. Qb1 {[#]} (41. Qa1 $17) 41... Kf7 ({Better is} 41... Qa8 $1 $19 42. Ne4 Kf7) 42. Qe4 Nd6 43. Qf3 (43. Qxd5 $15 exd5 44. Na6) 43... Ke7 ({Black should try} 43... Qxf3+ $17 44. Kxf3 f5) 44. Ke2 $2 {[%mdl 8192]} (44. Qh3 $15) 44... Qxf3+ $19 45. Kxf3 {[%mdl 4096] Endgame [#] KN-KN} f5 $1 46. h4 Ne8 47. e4 $2 (47. Na6) 47... Nf6 48. e5 Nd5 49. Nb7 c3 {( -> ...c2)} 50. Ke2 Nxf4+ 51. Kd1 Nd5 52. Nd6 (52. Kc2 $142 Nxb4+ 53. Kxc3 Nd5+ 54. Kb3) 52... f4 (52... Ne3+ $142 53. Kc1 f4) 53. Nxb5 (53. Kc2 $19) 53... f3 {Black mates.} 54. Na3 Nxb4 55. Nc4 Nd5 56. Na3 Ne3+ 57. Ke1 c2 {Accuracy: White = 33%, Black = 50%.} 0-1

[Event "NOR-chT Eliteserien 2018-19"]
[Site "Norway"]
[Date "2019.03.10"]
[Round "9.22"]
[White "Getz, Nicolai"]
[Black "Aulin-Jansson, Joran"]
[Result "1/2-1/2"]
[WhiteElo "2392"]
[BlackElo "2258"]
[Annotator "TA"]
[PlyCount "120"]
[EventDate "2018.11.02"]
[EventType "team-tourn"]
[EventCountry "NOR"]
[SourceTitle "playchess.com"]
[Source "ChessBase"]
[SourceQuality "1"]

{[%evp 9,120,27,35,25,26,12,32,-18,30,-45,-20,-26,30,30,30,25,21,16,18,17,18,0,0,-8,0,0,0,-12,0,-26,19,13,22,18,22,0,8,2,14,9,12,0,0,0,17,12,33,0,23,0,27,31,27,16,120,121,128,128,128,130,129,128,121,120,102,89,118,0,135,122,183,170,167,174,213,212,208,211,228,234,181,173,165,155,168,136,133,105,148,147,195,214,239,244,235,132,114,103,110,58,75,41,34,0,0,0,0,0,0,0,0,0,0]} 1. e4 c6 2. d4 d5 3. exd5 cxd5 4. Bd3 Nf6 5. c3 Bg4 6. Ne2 {B13: Caro-Kann: Exchange Variation and Panov-Botvinnik Attack} e6 (6... Nc6 7. O-O e6 8. Qb3 Qd7 9. Nf4 Bd6 10. h3 Bh5 11. Nxh5 Nxh5 12. Re1 O-O 13. Qd1 Nf4 14. Bc2 Rae8 15. h4 {1-0 (38) Caruana,F (2828)-Thavandiran,S (2410) chess.com INT 2019}) 7. O-O Bd6 8. Qe1 $146 {White is slightly better.} ({Predecessor:} 8. Qc2 Qc7 9. g3 Nc6 10. Bf4 Bxf4 11. Nxf4 g5 12. Ng2 O-O-O 13. a4 h5 {0-1 (24) Engel,H (1399)-Hanig,G (2006) Nickenich 2012}) 8... Qc7 9. f4 ({White should try} 9. f3 $11 Bh5 10. Qh4) 9... Nc6 10. h3 Bh5 ({Better is} 10... Bxe2 $1 11. Qxe2 Ne7) 11. g4 $1 $11 {[%cal Rg4h5]} Bg6 12. f5 exf5 13. gxf5 Bh5 14. Nf4+ Be7 $1 15. Qg3 O-O-O 16. Nxh5 Nxh5 17. Qxc7+ $1 Kxc7 18. Be3 Rde8 19. Rf3 h6 20. Nd2 Bg5 21. Nf1 Nf6 22. Bf2 {[#] Strongly threatening h4.} Ne4 23. Be1 h5 24. h4 Bh6 $1 25. Bg3+ (25. Kg2 {keeps more tension.} Kb6 26. Bg3 Nf6 27. b4 a6 28. a4) 25... Kd7 26. Bf4 (26. Bf2 {seems wilder.} Na5 27. Ne3 Nf6 28. Bb5+ Nc6 29. Bd3) 26... Bxf4 27. Rxf4 Nf6 28. Rd1 Re7 29. Rd2 Rhe8 30. Rg2 Rg8 31. Be2 Re4 (31... Na5 $11 {remains equal.}) 32. Rxe4 $16 dxe4 33. Rg5 g6 34. fxg6 fxg6 35. Ne3 Ne7 36. Bb5+ Kd8 37. Bc4 Rf8 38. a4 (38. Rb5 $16) 38... Nh7 (38... Ne8 $1 $11) 39. Re5 Nf5 (39... Nf6 $16 40. Bf1 Re8) 40. Nxf5 $18 ({Don't do} 40. Rxe4 $6 Nf6 $14) 40... Rxf5 41. Rxe4 {[%mdl 4096] Endgame KRB-KRN} Nf6 42. Re2 Rf4 43. Rg2 Rxh4 44. Rxg6 Rf4 45. Be6 Ke7 46. Bc8 Kf7 47. Rg2 b6 48. Ba6 h4 49. Bc4+ Kf8 50. Rf2 Rg4+ 51. Kh2 Kg7 52. Be6 (52. Kh3 $18 Rg1 53. Rf1 Rxf1 54. Bxf1) 52... Re4 $16 53. Bf5 Re3 54. Rd2 (54. Rg2+ $16 Kf7 55. Bc8) 54... Kh6 $14 55. Rg2 Nd5 56. Rg6+ Kh5 {[#] And now ...Ne7 would win.The position is equal.} 57. Re6 Kg5 58. Rxe3 Nxe3 59. Bh3 Nd1 60. c4 {aiming for c5.} Nxb2 {Accuracy: White = 45%, Black = 49%.} 1/2-1/2

[Event "NOR-chT Eliteserien 2018-19"]
[Site "Norway"]
[Date "2019.03.10"]
[Round "9.23"]
[White "Hammerstad, Asmund"]
[Black "Ogaard, Leif"]
[Result "1/2-1/2"]
[WhiteElo "2205"]
[BlackElo "2382"]
[Annotator "TA"]
[PlyCount "35"]
[EventDate "2018.11.02"]
[EventType "team-tourn"]
[EventCountry "NOR"]
[SourceTitle "playchess.com"]
[Source "ChessBase"]
[SourceQuality "1"]

{[%evp 12,35,33,63,74,57,64,27,33,14,17,26,37,16,31,10,48,56,51,40,46,44,56,50,50,57]} 1. d4 d5 2. c4 e6 3. Nc3 c5 4. cxd5 exd5 5. Nf3 Nc6 6. dxc5 d4 7. Na4 Bxc5 {[%mdl 64] [#] Decoy. D32: Tarrasch Defence: Sidelines and lines without g3} 8. Nxc5 {And now Nb3 would win.} Qa5+ 9. Bd2 Qxc5 {White has an edge.} 10. Rc1 Qb6 $146 (10... Qe7 11. e3 Nf6 12. Be2 O-O 13. O-O Rd8 14. Nxd4 Nxd4 15. exd4 Rxd4 {½-½ (71) Jakovenko,D (2749)-Mamedov,R (2708) Ankara 2018}) 11. e3 Nge7 12. Bc4 O-O 13. O-O Bg4 (13... dxe3 {with more complications.} 14. fxe3 Nf5 15. Qb3 Nd6 16. Qd3 Qd8) 14. exd4 $1 {White is slightly better.} Nxd4 15. Be3 Bxf3 $1 16. Bxd4 ({Don't play} 16. gxf3 Rad8 $17) 16... Bxd1 17. Bxb6 {[#] Threatens to win with Bc5.} axb6 18. Rfxd1 1/2-1/2